000 00562nam a2200229Ia 4500
003 OSt
005 20220924152205.0
006 a|||||r|||| 00| 0
007 ta
008 220923b |||||||| |||| 00| 0 mar d
024 _a341406
037 _cTextual
040 _aARTS
_cARTS
_bmar
041 _2mar
_amar
082 _aO155,2N15w, K2
100 _aPatil Au.
245 0 _aMaje shilpkar
260 _c1962
650 _aMARATHI LITERATURE
_938000
942 _hO155,2N15w, K2
_cTEXL
_2CC
999 _c469027
_d469027